Naruto Quiz! - Statistics

General Stats
  • This quiz has been taken 1,228 times
  • The average score is 22 of 62
Answer Stats
Hint Answer % Correct
K What is the name of Naruto's Mother? Kushina Uzumaki
97%
H Who was the First Hokage? Hashirama Senju
96%
H Which clan possesses the Byakugan? Hyuga
95%
K Who is known as the copy ninja of the Hidden leaf? Kakashi Hatake
90%
M Who is known as the " Yellow Flash" of the Leaf? Minato Namikaze
80%
U Which clan possesses the Sharingan? Uchiha
78%
R What comrade was killed by Kakashi's chidori? Rin Nohara
77%
N Who Became the Seventh Hokage? Naruto Uzumaki
76%
H What is the name of the tailed beast inside of Naruto? Kurama
74%
T Who was the First Hokage's Brother? Tobirama Senju
74%
M Who helped Hashirama found the Hidden Leaf Village? Madara Uchiha
72%
S Who created the Taka? Sasuke Uchiha
71%
O Who assisted Madara in the process of the Infinate Tsukinomi? Obito Uchiha
70%
K Who was the first shinobi to obtain chakra? Kaguya Ootsutsuki
65%
K Who has the power to sense ones chakra and give it away by one other biting them? Karin Uzumaki
61%
Y Who was made by using Hashirama's cells by Orochimaru? Yamato
57%
I What son of the Sage of Six Paths is reincarnated into Naruto Uzumaki? Indra
56%
A Who was the son of the Sage of Six Paths who inherited the Sharingan? Ashura
50%
H Who does Naruto Marry? Hinata Hyuga
47%
K Who has a dog named Akamaru? Kiba Inuzuka
46%
I Who uses a Mind Transfer Jutsu in Team 10? Ino
44%
S What member from Team 8 is from the Abarame Clan? Shino
44%
O What is the name of the Sannin who went rogue in search for power? Orochimaru
43%
A What Sensei is killed by the Atkatsuki member Hidan? Asuma
37%
C Who uses the Human Boulder technique in the InoShikaCho Trio? Choji
37%
K Who is the Squad Leader for Team 8? Kurenai
37%
N What Clan uses the Shadow Possession Jutsu? Nara
37%
S Who joins Team 7 After the Absence of Sasuke? Sai
37%
S Who is the first Genin to be promoted to Chunin? Shikamaru
37%
F What is the Uchiha Clan's dominate chakara nature? Fire
36%
S Who trains under Lady Tsunade from Team 7? Sakura Haruno
36%
Y What Clan specializes in Mind Transfer Techniques? Yamanaka
33%
K Who possesses The Kekkei Genkai of making extra bones, and is the last living member of the Kaguya Clan? Kimimaru
28%
T What Hokage trained the Legendary Sanin? Third Hokage
27%
J What Is the name of the Sannin who uses Toad Sage Jutsu? Jiraya
24%
N Who in Team 9 uses the Gentle Fist technique? Neji Hyuga
19%
T Who specializes in weaponry? Tenten
19%
L What is the name of the shinobi in Team 9 who worships Gai Sensei? Lee
18%
C What is the Jutsu Kakashi teaches Sasuke? Chidori
17%
R What is the Jutsu that Naruto Inherits from Minato, learns from Jiraya. and Masters with Kakashi? Rasengan
17%
R What Visual Prowess is obtained by combining the DNA of both the Uchiha and Senju? Rinnegan
17%
G Who is the Squad Leader of Team 9? Gai
16%
G What Jutsu puts the receiver into a dream cast upon by the user? GenJutsu
16%
G Who has a gourd full of sand they carry on their back? Garra
11%
P Who Destroyed the Hidden Leaf Village? Pain
10%
1 What Is the name of the mark on Sakura, and Tsunade's forehead first used by Hashirama? 100 Healings Mark Jutsu
7%
I What is the name of Madara's brother whose eyes he stole to obtain his Mangekyou Sharingan? Izuna
6%
S Who gave his eyes to Itachi in the means of making sure nobody else got his visual prowess? Shisui Uchiha
6%
F Who is the first Shinobi to use Woodstyle by manipulating their change in chakra nature? First Hokage
5%
S What Land does the Kazekage rule over? Sand
5%
T Who is Hashirama's Granddaughter? Tsunade Senju
4%
F What land does the Hokage rule over? Fire
3%
K Who had no rememberance of his childhood, and worked alongside Orochimaru? Kabuto
3%
A What clan makes life threatening food pills? Akamichi
2%
K What Jinchuriki helped Naruto Tame the Nine tails? Killer B
2%
S Who Split up the Tailed Beasts within the Five Great Nations? Sage of Six Paths
2%
S What land does the Tsuchikage rule over? Stone
2%
W What land does the Mizukage rule over? Water
2%
I Who was the Head of Intelligence Division during the Third Great Shinobi War? Inoichi Yamanaka
1%
L What Land does the Raikage rule over? Lightening
0%
S What is Tsunade's Summoning animal? Slug/ Lady Katsuyu
0%
D What is the name of the Ten Tails? The Divine Tree
0%
No matching quizzes found
Score Distribution
Percent of People with Each Score
Percentile by Number Answered
Your Score History
You have not taken this quiz